| 000 | 00515nam a22002057a 4500 | ||
|---|---|---|---|
| 003 | SISC | ||
| 005 | 20160303145716.0 | ||
| 008 | 121128t xxu||||| |||| 00| 0 eng d | ||
| 020 | _a0812567102 | ||
| 050 |
_aPS 3545 _b.W553 1998 |
||
| 082 |
_aCLA W55a _b1998 |
||
| 100 |
_aWharton, Edith _93715 |
||
| 245 |
_aThe age of innocence/ _cEdith Wharton. |
||
| 260 |
_aLondon: _bPenguin Books, _cc1996. |
||
| 300 |
_g18 cm. _a318 p. : |
||
| 562 | _e1 | ||
| 650 |
_aClassics _92808 |
||
| 942 |
_2lcc _cBK |
||
| 999 |
_c1421 _d1421 |
||